000 00410nam a22001577a 4500
003 OSt
005 20260413121258.0
008 260413b |||||||| |||| 00| 0 eng d
020 _a9789390506866
040 _cIIMT COLLEGE OF PHARMACY GREATER NOIDA
100 _a DAHIYA, RANDHIR SINGH
245 _aPHARMACEUTICAL QUALITY ASSURANCE
260 _aNIRALI
_bNEW DELHI
_c2025
300 _a218
942 _2ddc
_c02
999 _c67805
_d67805